000 00756nas a2200253 4500
001 BR8106077
003 BR-BrBNA
005 20231205084847.0
007 ta
008 230509b bl.|||p| |||| 00| 00por d
040 _aBR-BrBNA
_bpor
_cBiblioteca Nacional de Agricultura
041 _a(Pt)
072 _aF00; F60
100 1 _aOliveira, I.P.
100 1 _aZimmermann, F.J.P.
100 1 _aCosta, J.G.C.
100 1 _aZimmermann, M.J.O.
245 1 _aEfeitos de micronutrientes na cultura do feijoeiro (Phaseolus vulgaris L.)[Brasil]
650 _aMICROELEMENTO
650 _aFEIJAO
773 0 _tPoliagro (Brazil)
_xISSN 0100-3461
_g(Dec 1981), v. 3(2) p. 35-43
_wBR8106077
909 _a202311
_bLúcia
_c55
_dLúcia Elande
942 _2AGRIS
_n0
_cANA
999 _c107749
_d107749